Sports Quiz

Random Sports or Football Quiz

1898/99 English Football League First Division Table Quiz Stats

 Plays Quiz not verified by Sporcle

Score 0/18 Timer 04:00
0 Plays Today
Position Answer % Correct
2ndLiverpool (W19 D5 L10) - 43
84.2%
4thEverton (W15 D8 L11) - 38
84.2%
1stAston Villa (W19 D7 L8) - 45
78.9%
7thSunderland (W15 D6 L13) - 36
78.9%
3rdBurnley (W15 D9 L10) - 39
73.7%
5thNotts County (W12 D13 L9) - 37
73.7%
11thNottingham Forest (W11 D11 L12) - 33
73.7%
12thStoke (W13 D7 L14) - 33
73.7%
15thPreston North End (W10 D9 L15) - 29
73.7%
Position Answer % Correct
6thBlackburn Rovers (W14 D8 L12) - 36
68.4%
8thWolverhampton Wanderers (W14 D7 L13) - 35
68.4%
9thDerby County (W12 D11 L11) - 35
68.4%
14thWest Bromwich Albion (W12 D6 L16) - 30
68.4%
17thBolton Wanderers (W9 D7 L18) - 25
68.4%
10thBury (W14 D7 L13) - 35
63.2%
13thNewcastle United (W11 D8 L15) - 30
63.2%
16thSheffield United (W9 D11 L14) - 29
52.6%
18thThe Wednesday (W8 D8 L18) - 24
52.6%

You're not logged in!

Compare scores with friends on all Sporcle quizzes.
OR
Log In

Sporcle TV

Today on Sporcle TV


Watch our educational content, quiz creation guides, and fun videos on Sporcle TV.

Show Comments

Extras

Top Quizzes Today


Score Distribution

Your Account Isn't Verified!

In order to create a playlist on Sporcle, you need to verify the email address you used during registration. Go to your Sporcle Settings to finish the process.

Report this User

Report this user for behavior that violates our Community Guidelines.

Details: